LEADER 01752oam 2200445Ia 450 001 9910697589303321 005 20110412101322.0 035 $a(CKB)5470000002389056 035 $a(OCoLC)341516356 035 $a(EXLCZ)995470000002389056 100 $a20090522d2006 ua 0 101 0 $aeng 135 $aurcn||||||||| 181 $ctxt$2rdacontent 182 $cc$2rdamedia 183 $acr$2rdacarrier 200 10$aCritical technology events in the development of the Stinger and Javelin missile systems$b[electronic resource] $eProject Hindsight revisited /$fJohn Lyons, Duncan Long, and Richard Chait 210 1$aWashington, DC :$cCenter for Technology and National Security Policy, National Defense University,$d[2006] 215 $a1 online resource (iii, 35 pages) 225 1 $aDefense & technology papers ;$vno. 33 300 $aTitle from title screen (viewed on May 22, 2009). 300 $aSeries from web site. 300 $a"July 2006." 320 $aIncludes bibliographical references. 517 $aCritical technology events in the development of the Stinger and Javelin missile systems 606 $aMilitary research 606 $aStinger (Missile)$xResearch 615 0$aMilitary research. 615 0$aStinger (Missile)$xResearch. 700 $aLyons$b John W.$f1930-$014028 701 $aLong$b Duncan$01392102 701 $aChait$b Richard$f1937-$01393694 712 02$aNational Defense University.$bCenter for Technology and National Security Policy. 801 0$bAWC 801 1$bAWC 801 2$bGPO 906 $aBOOK 912 $a9910697589303321 996 $aCritical technology events in the development of the Stinger and Javelin missile systems$93515094 997 $aUNINA LEADER 01508oam 2200457 450 001 9910706273403321 005 20190201100258.0 035 $a(CKB)5470000002455701 035 $a(OCoLC)501047308 035 $a(EXLCZ)995470000002455701 100 $a20100120j200910 ua 0 101 0 $aeng 135 $aur||||||||||| 181 $ctxt$2rdacontent 182 $cc$2rdamedia 183 $acr$2rdacarrier 200 10$aNutation series evaluation in NOVAS 3.0 /$fby George H. Kaplan 210 1$aWashington, D.C. :$cU.S. Naval Observatory,$dDecember 2009. 215 $a1 online resource (10 pages) $ccolor illustrations 225 1 $aUnited States Naval Observatory circular ;$vno. 181 300 $a"December 15, 2009." 320 $aIncludes bibliographical references. 517 3 $aNutation series evaluation in the Naval Observatory Vector Astrometry Software version 3.0 606 $aNutation$xComputer programs 606 $aAstrometry$xComputer programs 606 $aAstronomy$xComputer programs 615 0$aNutation$xComputer programs. 615 0$aAstrometry$xComputer programs. 615 0$aAstronomy$xComputer programs. 700 $aKaplan$b George H.$01399299 712 02$aUnited States Naval Observatory, 801 0$bDNO 801 1$bDNO 801 2$bOCLCO 801 2$bOCLCQ 801 2$bOCL 801 2$bGPO 906 $aBOOK 912 $a9910706273403321 996 $aNutation series evaluation in NOVAS 3.0$93464245 997 $aUNINA